000 01308cam a22003014a 4500
001 14420786
003 ARRUPE
005 20160909111031.0
008 060620s2006 mau 000 0beng
010 _a 2006019989
020 _a0819845221 (pbk.)
040 _aDLC
_cDLC
_dDLC
041 1 _aeng
_hita
050 0 0 _aBX1378.5
_b.D9613 2006
082 0 0 _a282.092
_222
100 1 _aDziwisz, Stanisław.
_925406
240 1 0 _aLasciatemi andare : la forza nella debolezza.
_lEnglish
245 1 0 _aLet me go to the Father's house :
_bJohn Paul II's strength in weakness /
_cStanislaw Dziwisz and Czeslaw Drazek ; Renato Buzzonetti, Angelo Comastri.
250 _a1st English ed.
260 _aBoston, MA :
_bPauline Books & Media,
_c2006.
300 _aix, 115 p. ;
_c21 cm.
505 0 _aStrength in weakness -- The pope of the sick and the suffering -- At the shrine of pain and hope -- Toward the Father's house.
600 0 0 _aJohn Paul
_bII,
_cPope,
_d1920-2005.
_91322
650 0 _aSuffering
_xReligious aspects
_xChristianity.
_925407
906 _a7
_bcbc
_corignew
_d1
_eecip
_f20
_gy-gencatlg
942 _2lcc
_cMONOGRAPH
999 _c125119
_d125119